[Event "TUR-chT 2nd League"]
[Site "Konya"]
[Date "2022.08.23"]
[Round "3.6"]
[White "Caliskan, Soner"]
[Black "Koseoglu, Omer Umut"]
[Result "1/2-1/2"]
[WhiteElo "1646"]
[BlackElo "1525"]
[PlyCount "90"]
[EventDate "2022.08.22"]
[EventType "team-swiss"]
[EventRounds "9"]
[EventCountry "TUR"]
[SourceTitle "CBM 210 Extra"]
[Source "ChessBase"]
[SourceDate "2022.11.30"]
[SourceVersion "1"]
[SourceVersionDate "2022.11.30"]
[SourceQuality "1"]
[WhiteTeam "Cigli Batubey"]
[BlackTeam "Eskiseh Tasci"]
[WhiteTeamCountry "TUR"]
[BlackTeamCountry "TUR"]

1. e4 c5 2. c3 d5 3. exd5 Qxd5 4. d4 Nc6 5. Nf3 Bg4 6. Be2 e6 7. Na3 Nf6 8. 0-0 Be7 9. Nc2 cxd4 10. Ncxd4 Nxd4 11. Nxd4 Bxe2 12. Qxe2 0-0 13. Rd1 Rfd8 14. Be3 Qe5 15. Qf3 Qe4 16. Qxe4 Nxe4 17. f3 Nd6 18. b3 e5 19. Ne2 b6 20. c4 Nf5 21. Bf2 Bb4 22. g4 Ne7 23. Ng3 Ng6 24. Be3 Nf8 25. Kf2 Ne6 26. Ne4 f6 27. h4 Kf7 28. Ke2 g6 29. a3 Be7 30. b4 f5 31. Ng5+ Bxg5 32. Bxg5 Nd4+ 33. Kf2 Rd7 34. Ra2 Rc8 35. Re1 Rxc4 36. Rxe5 Nc6 37. Re3 b5 38. gxf5 gxf5 39. Rae2 h6 40. Bxh6 Rxh4 41. Bg5 Rh2+ 42. Kg3 Rxe2 43. Rxe2 Rd3 44. Re3 Rxe3 45. Bxe3 a5 1/2-1/2